01031nam a2200277Ia 450000500170000000800410001702000340005802000300009210000300012224501340015225000370028630000250032349000460034865000360039465000400043065000440047070000490051494200150056326400260057833600270060433700330063133800280066404000350069208400110072799900150073820220317001405.0161108s2014 sp g 000 0 spa  a9788420600000 (obra completa) a9788420652740 (volumen 3)1 aProust, Marceld1871-192210aEn busca del tiempo perdido, 3bel mundo de GuermantescMarcel Proust ; traducción de Pedro Salinas y José María Quiroga Pl a3a. ediciónb3a. reimpresión a784 páginasc18 cm aEl libro de bolsillopbiblioteca de autor142LEMBaNovela francesaySiglo XX142LEMBaLiteratura francesaySiglo XX142LEMBaFrancia xVida social y costumbre1 aSalinas, Pedro, 1891-1951d1891-1951 971999 2loccBKLIT aMadridbAlianzac2014 atextobtxt2rdacontent asin mediaciónbn2rdamedia avolumenbnc2rdacarrier aCO-BoRNBPbspaerdacCO-BoRNBP aN PRO1 c6828d6828